<?xml version="1.0" encoding="UTF-8"?>
<record
    xmlns:xsi="http://www.w3.org/2001/XMLSchema-instance"
    xsi:schemaLocation="http://www.loc.gov/MARC21/slim http://www.loc.gov/standards/marcxml/schema/MARC21slim.xsd"
    xmlns="http://www.loc.gov/MARC21/slim">

  <leader>00655nam a2200217 a 4500</leader>
  <controlfield tag="001">1812</controlfield>
  <controlfield tag="003">CDMR</controlfield>
  <controlfield tag="005">20131106135652.0</controlfield>
  <controlfield tag="008">130130s1995||||||||||||||||||||||||||||d</controlfield>
  <datafield tag="020" ind1=" " ind2=" ">
    <subfield code="a">8478266062</subfield>
  </datafield>
  <datafield tag="040" ind1=" " ind2=" ">
    <subfield code="a">CDMR</subfield>
    <subfield code="b">cat</subfield>
    <subfield code="c">CPC LLEIDA</subfield>
  </datafield>
  <datafield tag="100" ind1="1" ind2=" ">
    <subfield code="a">Medina, Jaume</subfield>
    <subfield code="9">1354</subfield>
  </datafield>
  <datafield tag="245" ind1="1" ind2="2">
    <subfield code="a">L'anticatalanisme del diari ABC (1916-1936)</subfield>
    <subfield code="c">Jaume Medina</subfield>
  </datafield>
  <datafield tag="260" ind1=" " ind2=" ">
    <subfield code="a">Barcelona</subfield>
    <subfield code="c">1995</subfield>
    <subfield code="b">Publicacions de l'Abadia de Montserrat</subfield>
  </datafield>
  <datafield tag="300" ind1=" " ind2=" ">
    <subfield code="a">245 p.</subfield>
  </datafield>
  <datafield tag="490" ind1="0" ind2=" ">
    <subfield code="a">Biblioteca Serra d'Or</subfield>
    <subfield code="v">147</subfield>
  </datafield>
  <datafield tag="610" ind1="2" ind2=" ">
    <subfield code="9">90</subfield>
    <subfield code="a">ABC (Diari)</subfield>
    <subfield code="x">Aspectes pol&#xED;tics</subfield>
  </datafield>
  <datafield tag="650" ind1="0" ind2="4">
    <subfield code="9">3379</subfield>
    <subfield code="a">Nacionalisme</subfield>
    <subfield code="z">Catalunya</subfield>
  </datafield>
  <datafield tag="650" ind1="0" ind2="4">
    <subfield code="9">4090</subfield>
    <subfield code="a">Premsa i pol&#xED;tica</subfield>
    <subfield code="z">Espanya</subfield>
  </datafield>
  <datafield tag="942" ind1=" " ind2=" ">
    <subfield code="c">MON</subfield>
    <subfield code="2">udc</subfield>
  </datafield>
  <datafield tag="999" ind1=" " ind2=" ">
    <subfield code="c">1812</subfield>
    <subfield code="d">1812</subfield>
  </datafield>
  <datafield tag="952" ind1=" " ind2=" ">
    <subfield code="0">0</subfield>
    <subfield code="1">0</subfield>
    <subfield code="4">0</subfield>
    <subfield code="7">0</subfield>
    <subfield code="a">LLEIDA</subfield>
    <subfield code="b">LLEIDA</subfield>
    <subfield code="d">2011-08-08</subfield>
    <subfield code="l">0</subfield>
    <subfield code="o">471MIT</subfield>
    <subfield code="p">LLEIDA13119431</subfield>
    <subfield code="r">2013-01-16</subfield>
    <subfield code="w">2013-01-16</subfield>
    <subfield code="y">MON</subfield>
  </datafield>
  <datafield tag="952" ind1=" " ind2=" ">
    <subfield code="0">0</subfield>
    <subfield code="1">0</subfield>
    <subfield code="4">0</subfield>
    <subfield code="7">0</subfield>
    <subfield code="a">CDMR</subfield>
    <subfield code="b">CDMR</subfield>
    <subfield code="d">2013-01-16</subfield>
    <subfield code="l">0</subfield>
    <subfield code="o">Dg /26</subfield>
    <subfield code="p">CDMR13056531</subfield>
    <subfield code="r">2013-05-28</subfield>
    <subfield code="w">2013-05-28</subfield>
    <subfield code="y">MON</subfield>
  </datafield>
</record>
